000
00345nam a2200145 i 4500
001
bg
100
1
_a
BELKOVIC, O. I.
245
0
_a
Statističeskaja teorija radiolokacii meteorov /
_c
O.J. Belkovič.
260
_a
Kazan',
_c
1971.
040
_c
BPK
041
_a
pol
080
_a
523
942
_c
KS
008
s pl f |000 0 pol
999
_c
9195
_d
9195